Statistiken für Die drei Fragezeichen - Quiz

Klicken Sie hier um das Quiz zu spielen!

Allgemein

  • Dieses Quiz wurde 133 mal gespielt
  • Das Durchschnittsergebnis liegt bei 5 aus 15

Antwortstatistiken

FrageAntwort% Korrekt
In was für einem Auto fährt Morton die drei Detektive?Rolls Royce
86%
Wie heißt Peters Freundin mit Vornamen?Kelly
76%
Welche Gemeinsamkeiten haben Skinny Norris und Morton in früheren Folgen der Hörspielreihe?gleicher Synchronsprecher
65%
Wie heißt ein französischer Kunstdieb, mit dem die Detektive immer wieder zu tun haben?Victor Hugenay
50%
Wie heißt Peters Freund, mit dem er häufig surfen geht?Jeffrey Palmer
49%
William M. Grey nennt sich selbst Moriarty. Wie spricht er Justus häufig an?Sherlock Holmes
46%
Wer ist Dick Perry?Privatdetektiv
41%
Welche Figur trägt den zweiten Vornamen Andronicus?Titus Jonas
32%
Welche Figur ist für seinen kurzen Satz ,,Verstanden, Inspektor." bekannt?Officer Goodween
29%
Was für ein Vogel ist Blacky?Mynah
17%
Wie heißt der Erfinder der drei Fragezeichen?Robert Arthur
17%
Woher stammen die beiden irischen Schrottplatzgehilfen Kenneth und Patrick im amerikanischen Original?Bayern
14%
Folge 100 spielt auf der Toteninsel. Wie heißt die Insel wirklich?Makatao
14%
Im amerikanischen Original gibt es die Figur Hector Sebastian. Welchen Namen trägt er in der deutschen Fassung?Albert Hitfield
7%
Wolfgang Völz ist unter anderem als Stimme von Käpt'n Blaubär bekannt. Wen spricht er in der Hörspielreihe der drei Fragezeichen?Ben Peck
4%

Verteilung der Resultate

Perzentil nach korrekt beantworteten Fragen

Anzahl Personen mit jedem Resultat

Ihre Resultats-Entwicklung

Sie haben dieses Quiz noch nicht gespielt